Нормативно-правовая база, программно-аппаратное обеспечение, пространственные данные и услуги на рынке геоинформатики в России: Ежегодный обзор; Вып. 4

Bibliografiske detaljer
Sprog:russisk
Udgivet: Москва, 1998
Fag:
Format: MixedMaterials Bog
KOHA link:https://koha.lib.tpu.ru/cgi-bin/koha/opac-detail.pl?biblionumber=12654

MARC

LEADER 00000nam0a2200000 4500
001 12654
005 20231030184510.0
035 |a (RuTPU)RU\TPU\book\12733 
035 |a BOOK00012799 
090 |a 12654 
100 |a 20011209d1998 km y0rusy50 ca 
101 0 |a rus 
102 |a RU 
105 |a y b 000zy 
200 1 |a Нормативно-правовая база, программно-аппаратное обеспечение, пространственные данные и услуги на рынке геоинформатики в России  |e Ежегодный обзор  |h Вып. 4 
210 |a Москва  |d 1998 
215 |a 311 с. 
610 1 |a геоинформатика 
610 1 |a нормативы 
610 1 |a каталоги 
610 1 |a обзоры 
675 |a 55:002.6  |v 3 
801 0 |a RU  |b 63413507  |c 20011209  |g PSBO 
801 2 |a RU  |b 63413507  |c 20060619  |g PSBO 
942 |c BK